[Event "Capablanca Memorial Premier 33rd"]
[Site "Havana"]
[Date "1998.05.22"]
[Round "13"]
[White "Siegel, Georg"]
[Black "Hernandez Onna, Roman"]
[Result "1-0"]
[WhiteElo "2540"]
[BlackElo "2425"]
[Annotator "Har Zvi,R"]
[PlyCount "99"]
[EventDate "1998.05.07"]
[EventType "tourn"]
[EventRounds "13"]
[EventCountry "CUB"]
[EventCategory "8"]
[SourceTitle "CBM 065"]
[Source "ChessBase"]
[SourceDate "1998.08.06"]
[SourceVersion "1"]
[SourceVersionDate "1998.08.06"]
[SourceQuality "1"]

1. e4 c5 2. Nf3 Nc6 3. c3 d6 4. d4 Nf6 5. Bd3 g6 6. O-O Bg7 7. h3 O-O 8. d5 Nb8
{other moves are 8...Na5 (the main move ) and 8...Ne5} 9. Re1 (9. c4 e5 (9...
b5 10. cxb5 a6 11. b6 Nbd7 12. Nc3 Nxb6 13. a4 a5 14. Bf4 Ne8 15. Qe2 Nc7 16.
Rfd1 Bd7 17. Ra2 f5 18. e5 Nbxd5 19. Bc4 e6 20. Bg5 Qc8 21. exd6 $16 {1-0
Rinberg,A-Donka,P/Nyiregyhaza op 1994/EXT 97 (51)}) 10. Nc3 (10. dxe6 fxe6 11.
e5 dxe5 12. Nxe5 Nh5 13. Nf3 Nf4 14. Bxf4 Rxf4 15. Nc3 Nc6 16. Qe2 Rxf3 17.
gxf3 Qg5+ 18. Kh1 Qh5 $36 {1/2-1/2 Bus,M-Asanov,B/Copenhagen Unibank 1991/TD
91\06 (42)}) 10... Nh5 11. Re1 h6 12. a3 Nd7 13. Bf1 a6 14. Rb1 Qe8 15. b4 f5
$132 {0-1 Shtanchaev,A-Bakhtadze,G/WchJT U26 1997/EXT 97 (47)}) 9... Na6 (9...
a6 10. a4 e5 11. a5 Nbd7 12. Nbd2 b6 13. axb6 Nxb6 14. Nc4 Nxc4 15. Bxc4 h6 16.
Nd2 Ne8 17. Bd3 f5 18. Qc2 $14 {/+/- 1-0 Torre,E-Sitanggang,S/Beijing 1992/CBM
33 (45)}) 10. Bf4 (10. c4 $5 {[%cal Gb1c3] this seems as an interesting idea,
when white gets a very nice benoni} e6 11. Nc3 exd5 12. cxd5) (10. Bxa6 $5 {
normally this is not a good idea,since black gets active play along the "b"
file and white in many variation is missing his light colored bishop,but here
I think things might be little different,white has big space advantage with
some good moves already been played such as "h3" all he has to to is play
c4-Nc3 or b3-Bb2-c4 with a good position} bxa6 11. b3 {[%cal Gc1b2,Gc3c4]} (11.
c4 $5 {[%cal Gb1c3,Gd1c2]})) 10... Nc7 11. Bf1 {preventing "e6" since now the
"d6" pawn is threatened after dxe6} (11. c4 Nh5 12. Bc1 e5 $13) 11... b5 12. a4
bxa4 (12... b4 $5) 13. Rxa4 a5 14. Bh2 (14. b3 $5 $14 {[%csl Ra5] trying to
fix the "a5" pawn seems critical here,since after white's very soolid move Bh2
black managed to play Bd7 with "a4" then the weak "a4" is a match to white's
weak "b2" pawn} Bd7 15. Ra2 Qe8 16. c4 {[%cal Ge4e5]}) 14... Bd7 15. Ra3 a4 16.
Nbd2 (16. c4 $5 {again this move "c4" with the idea to play "e5" so first we
have too defend the "d5" pawn seems quite good foor white,white wanted a good
place for his knight on "c4" also not a bad idea} Rb8) 16... Rb8 (16... Qb8 $5)
17. Nc4 Bb5 18. Nfd2 Nd7 (18... Na8 $5 19. e5 dxe5 (19... Nxd5 20. exd6 $36)
20. Bxe5 Rc8 21. d6 $14) 19. Ra2 (19. Na5 {[%csl Rc6]} Nb6 20. Bxb5 Nxb5 21.
Nc6 Qc7 22. Ra2 Rb7 $13) 19... Na8 20. e5 (20. Nxd6 $5 Bxf1 (20... exd6 21.
Bxd6 Bxf1 22. Rxf1 Nab6 $14 {/~~})) 20... Bxc4 $6 (20... dxe5 21. Nxe5 Nxe5 22.
Bxb5 $1 (22. Bxe5 Bxf1 23. Nxf1 Bxe5 24. Rxe5 Nb6) 22... Qxd5 (22... Rxb5 23.
Bxe5 Bxe5 24. Rxe5 $14) 23. c4 Qe6 (23... Qd6 24. Qe2 Rfd8 25. b3 $1 $16) 24.
Rxa4 Rfd8 25. Ra7 $14) 21. Nxc4 Nxe5 22. Nxe5 Bxe5 23. Bxe5 dxe5 24. Rxe5 Qd6 (
24... Nb6 25. c4 Qd6 26. Re1 {tranpooses to the game}) 25. Qe1 Nc7 $6 (25...
Rfe8 $11) 26. c4 $2 {[%csl Rd4] throwing away all his advantage in one
move!after 26.Rxe7 white position seems very pleasent,and after 26.c4? black
is ok} (26. Rxe7 Nxd5 (26... Qxd5 $2 27. Rxa4 $18) 27. Re4 Nb6 28. Bb5 {
[%csl Ra4]}) 26... e6 $1 {probably white missed this move} 27. Rxa4 $6 (27.
dxe6 Nxe6 28. Rd5 Qc6 29. Qd1 Rb3 30. Bd3 $13) 27... Rxb2 28. Ra1 (28. dxe6
Nxe6 $36 {[%csl Rf1,Rg1]}) 28... exd5 (28... f6 $6 29. Re3 exd5 30. cxd5 Nxd5
$2 31. Rd1 Rb4 32. Red3 Rd4 33. Rxd4 cxd4 34. Rxd4 $18) 29. cxd5 {I see no
reason why black should lose this position} Qf6 $6 {why to play this move??} (
29... Rfb8 $5) (29... Rb4 $5 {[%cal Gb4d4]}) 30. Rd1 Kg7 $6 {why to allow "d6"?
} (30... Rd8 $5) 31. d6 Ne6 32. d7 (32. Bc4 $5 {the idea is to prevent black
Rxf2} Rxf2 (32... Nd4 33. d7 $1 (33. Rxc5 $6 Re8 $1 34. Qf1 Ne2+ 35. Kh1 (35.
Bxe2 Rexe2) 35... Nc3 36. d7 Rd8 $36 {[%csl Rd1,Rd7,Rf2]}) 33... Rd8 {I see
nothing better} 34. Re7 {transpooses to the game}) 33. Bxe6 $1 {this is the
big difference,white does not play 33.d7 because of Rf5 but takes immediately
and then play "d7"} fxe6 34. d7 $16) 32... Rd8 $6 (32... Rxf2 $5 33. Bc4 $1 Rf5
34. Rxf5 gxf5 35. Bxe6 fxe6 36. Qa5 Rd8 37. Qxc5 {when white is of course
better,but black has chances to defend his position here} Kf7) 33. Bc4 Nd4 (
33... Rb6 $5) 34. Re7 Ne6 35. Re8 Rbb8 36. Rxd8 Nxd8 $4 {I can not explain
this move! black played few incorrect moves in this endgame but still no big
damage has been done,but this move just loses the game,the most natural move
is Rxd8 according to my knowldge} (36... Rxd8 $14 {but shoudl be draw without
big problems}) 37. Qe3 $1 $16 {[%csl Rc5] the "c5" pawn is lost} Ra8 (37... Qf5
38. Rd5 $18) (37... Ne6 38. Bxe6 fxe6 39. Qxc5 $18) (37... Qb6 38. Qe5+ Kh6 39.
Rd5 Ne6 40. Rd6 Qb1+ 41. Kh2 $18) 38. Qxc5 Ra1 39. Rxa1 Qxa1+ 40. Kh2 h5 41. h4
Qc3 42. g3 Qf6 43. Kg1 Qa1+ 44. Kg2 Qf6 45. Bb5 {until this moment nothing
special,white took the "c5" pawn and and played healthy moves such as h4-g3.
now white has to find a plan since I think black's best play is simply Ne6-Nd8
or Kg7-Kg8 doing nothing since he can really do nothing,insted black choose an
active plan?? the knight went to "d4" but the way back is much more difficult!!
} Ne6 46. Qb4 Nd4 (46... Nd8) 47. Qc3 Qb6 (47... Ne6) 48. f3 Kf6 $2 {this
should lose immediately,again black has to think about passive defence 48...
Qf6 seems good enough for this} (48... Qf6) 49. Qd2 (49. Qe3 $1 {black has no
move!!} Kg7 (49... Qd6 50. Qf4+ Qxf4 51. d8=Q+) 50. Qe5+ Kh7 51. Qe7 Ne6 52.
Qxf7+) 49... Ke7 $2 (49... Ne6 $8) 50. Qg5+ 1-0

[Event "ARG-ch"]
[Site "Buenos Aires"]
[Date "1998.04.19"]
[Round "4"]
[White "Spangenberg, Hugo"]
[Black "Seminara, Juan Pablo"]
[Result "1-0"]
[WhiteElo "2530"]
[BlackElo "2320"]
[Annotator "Har Zvi,R"]
[PlyCount "43"]
[EventDate "1998.04.15"]
[EventType "tourn"]
[EventRounds "15"]
[EventCountry "ARG"]
[EventCategory "9"]
[SourceTitle "CBM 065"]
[Source "ChessBase"]
[SourceDate "1998.08.06"]
[SourceVersion "1"]
[SourceVersionDate "1998.08.06"]
[SourceQuality "1"]

1. e4 c5 2. c3 d6 3. d4 Nf6 4. Bd3 g6 5. h3 {in my opinion after 5.dxc5 dxc5 6.
e5 white gets a very pleasent position,that's why black normally playes first
4...cxd4 and after it g6} Qc7 (5... Bg7 6. Nf3 O-O 7. Be3 (7. O-O Nbd7 8. Re1
e5 9. dxe5 dxe5 10. Na3 Qc7 11. Bf1 a6 12. Nc4 b5 13. Qd6 Qa7 14. Na5 Ne8 15.
Qd5 Nef6 16. Qd6 Ne8 {1/2-1/2 Smagin,S-Razuvaev,Y/URS-chI 1985/MCD-ch}) 7...
Nbd7 8. O-O Qc7 9. Nbd2 b6 10. Qe2 e5 11. Rfd1 a6 12. dxe5 dxe5 13. Nf1 Bb7 14.
Ng3 b5 $13 {[Blatny] 1-0 Blatny,P-Damljanovic,B/Gijon-EACC 1988 (41)}) 6. Nf3
Bg7 7. O-O Nbd7 8. a4 (8. Re1 e5 9. dxe5 dxe5 10. Nbd2 O-O 11. a4 b6 12. a5 Rb8
13. axb6 axb6 14. Bb5 $13 {0-1 Schandorff,L-Sax,G/Kobenhavn 1994/Inf 60/[Sax,
Gy] (46)}) 8... O-O 9. Na3 (9. Re1 e6 10. Na3 a6 11. e5 dxe5 12. dxe5 Nd5 13.
Qe2 b6 14. Bg5 Bb7 15. Rad1 h6 16. Bc1 Bc6 17. Bc2 Rfb8 $13 {0-1 Manca,F-Mrva,
M/Moscow olm 1994/EXP 44 (34)}) 9... a6 10. Re1 Rd8 (10... e5 11. dxe5 dxe5 (
11... Nxe5 12. Nxe5 dxe5 13. Nc4 $14) 12. Nc4 $14) 11. e5 dxe5 (11... Nd5 $6
12. Qb3 e6 13. Bg5 Re8 (13... f6 14. exf6 N7xf6 15. Bc4 $16) 14. Nc4 dxe5 15.
dxe5 $14 {[%csl Rd6]}) 12. dxe5 Ne8 $6 {the knigth stands really too passive
on "e8" Nd5 was necessary} (12... Nd5 $5 13. e6 $5 (13. Qe2 Nf8 $13 {[%cal
Gf8e6,Yb7b6,Gc8b7]}) 13... fxe6 14. Qe2 N7f6 (14... Nf8 15. Nc4 $44) 15. Nc4
Nh5 $13) 13. Nc4 (13. e6 $5 {here 13.e6 seems better then after 12...Nd5 [ the
line above ] since the knight on "e8" is very passive} fxe6 14. Qe2 Ndf6 (14...
Nf8 15. Nc4 $44) 15. Ng5 $36) 13... Nb6 $6 {another incorrect move,and but
after this one you already feel black is in trouble,he had to play Nf8 and
after it b6} (13... Nf8 $5 14. Qe2 (14. a5 $4 Bf5 15. Re3 Bh6) 14... b6 $5 15.
a5 b5 16. Nb6 Rb8 17. Nxc8 Rbxc8 $132) (13... b6 14. e6 fxe6 15. Ng5 Ndf6 (
15... Nf8 $2 16. Qf3 Bb7 17. Qf7+ Kh8 18. Bf4 Qd7 19. Ne5 $18) 16. Qe2 $36) 14.
Nxb6 Qxb6 15. a5 $1 {[%csl Ra6,Rb7] immediately fixing the a6-b7 pawns} Qc6 16.
Qe2 $14 Be6 (16... Nc7 17. Be4 Qe8 18. Be3 Ne6 19. Qc4 Qb5 20. Qxb5 axb5 21. b4
) 17. c4 {[%csl Re8]} Qd7 18. Ra3 $1 {[%cal Ga3b3,Gd3e4,Gc1e3]} Bf5 19. Bxf5
Qxf5 20. Rb3 Rab8 21. Bg5 (21. Be3 Qc8) 21... Rd7 $4 (21... Qd7 22. e6 fxe6 (
22... Qxe6 23. Qxe6 fxe6 24. Bxe7 $16) 23. Bf4 $14 {/+/-} (23. Qxe6+ Qxe6 24.
Rxe6 Rd1+ 25. Kh2 Nd6 26. Bxe7 (26. Bf4 $14) 26... Nxc4 27. Bxc5 (27. Rxa6 $2
Nd2 $1 28. Nxd2 Be5+ 29. g3 bxa6) 27... Nxa5 28. Rb4 Rc8)) 22. g4 $1 {[%csl
Rf5]} (22. g4 Qe6 23. Rb6) 1-0

[Event "London"]
[Site "London"]
[Date "1997.10.19"]
[Round "3"]
[White "Shaked, Tal"]
[Black "McShane, Luke J"]
[Result "1/2-1/2"]
[WhiteElo "2500"]
[BlackElo "2455"]
[Annotator "Har Zvi,R"]
[PlyCount "72"]
[EventDate "1997.10.18"]
[EventType "tourn"]
[EventRounds "9"]
[EventCountry "ENG"]
[EventCategory "10"]
[SourceTitle "CBM 062"]
[Source "ChessBase"]
[SourceDate "1998.01.31"]
[SourceVersion "1"]
[SourceVersionDate "1998.01.31"]
[SourceQuality "1"]

1. e4 c5 2. c3 d6 3. d4 Nf6 4. Bd3 Nc6 5. Nf3 Bg4 6. d5 Ne5 {other moves are
Nb8 and the main move Bxf3} (6... Nb8) (6... Bxf3) 7. Nxe5 dxe5 8. Qxg4 $146 (
8. f3 Bd7 9. Na3 a6 $6 10. Nc4 e6 $2 11. Nxe5 exd5 12. exd5 Qe7 13. O-O $18 {
Godena,M-Cesareo,F/Geneve op 1993}) 8... Nxg4 9. Bb5+ Qd7 10. Bxd7+ Kxd7 11.
Na3 Nf6 $6 {a move which puts black into a lot of troubles,after the correct
11...e6 white is slightly better but not much more than that} (11... e6 $8 12.
dxe6+ (12. Nc4 exd5 13. exd5 Bd6 $14) 12... Kxe6 $14) 12. Nc4 $1 $16 {
immediately the position becomes very clear,black's king is forced to go back
to e8,white will have a lot of game along the "e" file,with pressure on the
"c5" pawn} Nxe4 13. Nxe5+ Ke8 14. Be3 Rc8 15. O-O-O g5 (15... g6 16. Rhe1 Bg7
17. Bf4 f5 (17... Nd6 18. Nxg6 hxg6 19. Bxd6) (17... Nf6 18. d6 Rd8 19. Nd3 Nd5
20. Bg3 $16) (17... Nxf2 18. Rd2) 18. f3) 16. Rhe1 Nd6 (16... Bg7 17. Nc4 $1 b5
(17... Kd7 18. f3 b5 19. fxe4 bxc4 20. Bxg5 Be5 21. g3 $16) 18. Nd2 Nxd2 19.
Rxd2 $1 (19. Bxg5 Nc4 20. Rxe7+ Kf8 $13) 19... Bf6 20. d6 Rc6 21. dxe7 Re6 22.
Rd8+ Kxe7 23. Rxh8 Bxh8 24. Bxc5+ $18) 17. Nd3 (17. Bxg5 $5 {this was not a
bad choice at all,white is simply better,probably much better without any
problems} f6 18. Bxf6 exf6 19. Ng6+ Kd7 20. Nxh8 Bh6+ 21. Kc2 Rxh8 22. Re6 $16)
17... c4 $8 18. Nb4 a5 $8 19. Nc2 Kd7 20. a4 $1 {[%csl Rb5]} (20. Bxg5 Rg8 21.
Bh4 Rxg2 22. Bg3 Nf5) 20... h6 21. Bb6 Bg7 22. Na3 (22. Rd2 $5 {[%csl Re7]
[%cal Gd2e2]}) 22... Rhe8 23. Kc2 (23. Bxa5 Ra8 24. Bb4 Rxa4 25. Bxd6 Kxd6 $5 (
25... exd6 26. Rxe8 Kxe8 27. Re1+ Kd7 28. Re4 (28. Kc2 Be5 29. g3 f5) 28...
Bxc3 29. Rxc4 Rxc4 30. Nxc4 Bd4)) 23... Bf8 24. b3 (24. Bxa5 Ra8 25. Bb4 Rxa4
26. Bxd6 Kxd6 (26... exd6 $2 27. Rxe8 Kxe8 28. Rd4 $18) 27. Rd4 Rc8 28. Ree4
Bg7 29. Nxc4+ Kc5 30. b4+ Kb5 31. Nb2 Ra3 $1 $36 {[%csl Rc3]} (31... Bxd4 $2
32. Nxa4 Bxf2 33. Kb3 $18)) 24... cxb3+ 25. Kxb3 Ra8 26. c4 Ra6 27. c5 e5 $1 {
the only chance,and black does not miss it!the idea is one day to sacrifise
the rook on a6 for white's bishops on b6 and then playing Bc5} (27... Nc8 28.
Nc4 $18) 28. Nb5 (28. Nc4 $5 {this does not seembad at all} Nxc4 29. Kxc4 Rxb6
(29... Rc8 30. Kb5 Rxb6+ 31. Kxb6 (31. cxb6 $4 Rc5#) 31... Bxc5+ 32. Kxb7 $16 {
/+-}) 30. cxb6 Rc8+ 31. Kb3 f6 32. Re3 $1 {[%cal Ge3f3,Ge3h3,Ge3c3]} (32. Rc1
Bc5 $8)) 28... Nxb5 (28... Nc8 29. Nc7 Nxb6 30. Nxe8 $18 (30. Nxa6 Na8 {
[%csl Ra6]} (30... Nc8 31. c6+ bxc6 32. Nb8+))) 29. axb5 Rxb6 30. cxb6 Bc5 31.
Rd3 $6 {the correct idea,but not the correct way!it is true the rook is best
on the third rank,but it is important to keep the "f" pawn! so lets start with
Re2 first} (31. Re2 $1 Bxb6 32. Rd3 $36 {[%cal Gd3f3,Gf3h3]}) 31... Bxf2 32.
Re2 (32. Rf1 e4 {[%cal Ge4e3]}) 32... e4 (32... Bxb6 $2 33. Rh3 {[%csl Re5,Rh6]
}) 33. Rh3 e3 34. Rxh6 Re4 35. Rf6 Ke7 36. Rf5 (36. Rfxf2 $2 exf2 37. Rxe4+ $4
(37. Rxf2 Rb4+ 38. Kc3 Rxb5) 37... Kd6 {[%cal Gf2f1]}) 36... f6 $132 1/2-1/2

[Event "London"]
[Site "London"]
[Date "1997.10.21"]
[Round "5"]
[White "McDonald, Neil R"]
[Black "McShane, Luke J"]
[Result "1-0"]
[WhiteElo "2490"]
[BlackElo "2455"]
[Annotator "Har Zvi,R"]
[PlyCount "43"]
[EventDate "1997.10.18"]
[EventType "tourn"]
[EventRounds "9"]
[EventCountry "ENG"]
[EventCategory "10"]
[SourceTitle "CBM 062"]
[Source "ChessBase"]
[SourceDate "1998.01.31"]
[SourceVersion "1"]
[SourceVersionDate "1998.01.31"]
[SourceQuality "1"]

1. e4 c5 2. c3 d6 3. d4 Nf6 4. Bd3 g6 5. h3 cxd4 6. cxd4 e5 7. dxe5 dxe5 8. Nf3
Nc6 9. O-O Bg7 10. Nc3 O-O 11. Bc4 (11. Be3 $5 Be6 (11... b6 12. Bb5 Bb7 13.
Qa4 Nd4 14. Nxd4 exd4 15. Bxd4 a6 16. Be2 b5 17. Bxf6 Bxf6 18. Qb4 Qd2) 12. Bb5
Na5 (12... Qb8 13. Bxc6 bxc6 14. Qc2 Nh5 15. Na4 h6 16. Nc5 Qe8 17. Rad1 $14 {
/+/- Lobron,E-Christiansen,L/Duetschland 1994;60/(142)}) 13. Qe2 (13. Bc5 Qxd1
14. Rfxd1 Rfc8 15. Bd6 a6 16. Bf1 Nd7 17. Ng5 Nc6 18. Nxe6 fxe6 $13 {[%csl Rd4]
Sermek,D-Kempinsky,R/EU-chT Pula 1997;Exp57}) 13... a6 14. Bd3 Nc6 (14... Nh5)
15. Rfd1 Qc8 $1 (15... Qa5) 16. Rac1 Rd8 17. Na4 Nd7 18. Bc4 Bxc4 19. Qxc4 Nd4
(19... Qc7) 20. Qxc8 Raxc8 21. Rxc8 Rxc8 22. Nxd4 exd4 23. Bxd4 Bxd4 24. Rxd4
$16 {Adams,M-Gelfand,B/Wijk ann Zee (m/5) 1994;59/169 [Adams,M]}) 11... b6 (
11... Na5 $5 {the critical move}) (11... Be6 12. Bxe6 fxe6 13. Be3 Qe7 14. Rc1
Rad8 15. Qa4 Nh5 16. Rfd1 Nd4 $1 17. Ne1 (17. Nxd4 exd4 18. Bxd4 Bxd4 19. Rxd4
Qf6 20. Rxd8 Qxf2+) 17... Nf4 18. Bxf4 exf4 19. Nf3 b5 20. Qa6 b4 21. Ne2 Rd6
22. Qc4 $13 {Sveshnikov,E-Moiseenko,A/Rus-cup2 Moscow 1996;EXP 56}) (11... Qxd1
12. Rxd1 Na5 13. Bd5 Nxd5 14. Nxd5 b6 15. b3 Be6 16. Ba3 Rfd8 17. Nc7 Rac8 18.
Rxd8+ Rxd8 19. Nxe6 fxe6 20. Rc1 Bh6 21. Rc7 b5 22. Bb4 {[%csl Ra5] Huzman,
A-Minasjan,A/Belgrad 1989}) 12. b3 h6 (12... Na5 $5 13. Ba3 Re8 14. Bb5 (14.
Qxd8 Rxd8 15. Nxe5 Nxc4 16. Nxc4 Ba6 $44) 14... Bd7 15. Bxd7 Qxd7 16. Qxd7 Nxd7
17. Nd5 $14) 13. Ba3 Re8 (13... Qxd1 14. Raxd1 Re8 15. Nb5 $1 Ba6 (15... Nxe4
$4 16. Bd5) 16. Nc7 Bxc4 17. bxc4 Nxe4 18. Rfe1 $1 Nc3 19. Rd6 $1 $16) 14. Nb5
Bf8 (14... Na5 $5 15. Bd3 $1 $14) 15. Bxf8 Rxf8 (15... Kxf8 16. Qc1 $1 Kg7 17.
Bxf7 (17. Bd5 Nxd5 18. Qxc6 Ba6 19. Rfd1 Bxb5 (19... Nb4 20. Rxd8 Nxc6 21. Rxa8
Rxa8 22. Nc7) 20. Qxb5 Nc3 21. Rxd8 Nxb5 22. Rxa8 Rxa8 23. Nxe5 Re8 $11) 17...
Kxf7 18. Qxc6 $18) 16. Qc1 $1 $16 {the key move,gaining tempi by attacking the
h6 pawn} Kh7 (16... Na5 17. Qxh6 Nxc4 18. bxc4 Nxe4 19. Rfe1 $16 {/+-}) (16...
Kg7 17. Bd5 Nxd5 18. Qxc6 Ba6 19. Rfd1 Bxb5 20. Qxb5 Nc3 21. Qxe5+ {check!} Qf6
22. Qxf6+ Kxf6 $16) 17. Bd5 {the real idea} Nxd5 18. Qxc6 Ba6 19. Rfd1 (19.
exd5 $2 Rc8 20. Qd6 Bxb5) 19... Nb4 $2 {losing immediately,byt anyway black's
position is difficult} (19... Bxb5 20. Qxb5 Nc3 21. Rxd8 Nxb5 22. Rd7 $1 $16 {
[%csl Re5][%cal Ga7h7]} (22. Rxa8 Rxa8 23. Nxe5 {is not bad,but Rd7 is a move
with class})) 20. Rxd8 Nxc6 21. Rxa8 Rxa8 22. Nc7 1-0

[Event "Ciocaltea Memorial"]
[Site "Bucharest"]
[Date "1998.??.??"]
[Round "8"]
[White "Vajda, Levente"]
[Black "Aronian, Levon"]
[Result "0-1"]
[WhiteElo "2440"]
[BlackElo "2455"]
[Annotator "Har Zvi,R"]
[PlyCount "84"]
[EventDate "1998.02.??"]
[EventType "tourn"]
[EventRounds "13"]
[EventCountry "ROU"]
[EventCategory "11"]
[SourceTitle "CBM 064"]
[Source "ChessBase"]
[SourceDate "1998.06.02"]
[SourceVersion "1"]
[SourceVersionDate "1998.06.02"]
[SourceQuality "1"]

1. e4 c5 2. c3 d6 3. d4 Nf6 4. Bd3 Nc6 5. Nf3 Bg4 6. d5 Bxf3 7. Qxf3 Ne5 8.
Bb5+ Nfd7 9. Qe2 (9. Qh3 c4 10. Na3 Rc8 11. f4 Nd3+ 12. Ke2 N3c5 13. Kf3 (13.
Qf3 $5) 13... g6 14. Be3 Bg7 15. Bxc5 Rxc5 16. Rhe1 a6 17. Bxd7+ Qxd7 18. Qxd7+
Kxd7 19. Rad1 e6 $13 {Seitaj,I-Mirumian,V/Ankra zt 1995}) 9... a6 10. Ba4 (10.
Bxd7+ Nxd7 11. O-O g6 12. Bg5 Bg7 13. Nd2 O-O 14. Nc4 b5 15. Ne3 c4 16. f4 h6
17. Bh4 Nc5 18. Ng4 f5 19. exf5 gxf5 $132 {Jakubiec,A-Novik,M/CSR-chT 1992})
10... c4 (10... b5 11. Bc2 Nb6 (11... g6 12. a4 $16) 12. O-O Qd7 13. h3 g6 14.
a4 bxa4 (14... Nxa4 $4 15. f4 {[%csl Re5]} Nc4 16. Bxa4) 15. Nd2 $1 Qb5 16. c4
Qb4 (16... Nexc4 $4 17. Bd3) 17. f4 Nexc4 18. Nxc4 Qxc4 19. Bxa4+ Kd8 20. Qe1
$1 $16 {Smagin,S-Kofidis,A/Iraklion 1993/59/168 [Smagin]}) 11. O-O b5 12. Bd1
$6 {quite a strange move,since I can nt explain nr understand what's the
bishop is doing on "d1"? I believe 12.Bc2 is the right move} (12. Bc2 Nc5 13.
b4 Ncd3 (13... cxb3 $2 14. axb3 h5 15. Nd2 Qc8 16. f4 Ng4 17. b4 Nb7 $2 18.
Rxa6 $18 {Grabher,H-Vombek,D/AUT-chT 95/96 1996/EXP52}) 14. Be3 {[%cal Gf2f4]}
g5 $8 15. Bxg5 Rg8 16. Be3 (16. f4 $5) 16... Qd7 17. f4 $6 (17. Nd2 Qh3 18. f3
Bh6 19. Kh1 $1 $16 {according to Rausis,but I what about Rxg2 here??} Rxg2 20.
Qxg2 Qxg2+ 21. Kxg2 Bxe3 $44 {when black has nice compensation for the material
}) 17... Bh6 18. Nd2 (18. fxe5 Qg4 19. Rf3 Ne1 20. Kh1 (20. Bxh6 Qxg2+ 21. Qxg2
Rxg2+ 22. Kf1 Nxf3 23. Bd1 $1 $18) 20... Nxf3 21. gxf3 Qg6 22. Bd4 dxe5 23. Bc5
Qg5 {with compensation according to Rausis well I can not see it after a4 for
example} 24. a4 Qc1+ 25. Qd1) 18... Qg4 19. Bxd3 Nxd3 20. Qxg4 Rxg4 21. a4 $1 (
21. g3 Bg7) 21... Bxf4 {Rausis,I-Barczay,L/Paris 1994/60/143 [Rausis,I]} 22.
Rxf4 Nxf4 23. axb5 Nxg2 24. Bd4 $16 {Rausis}) 12... g6 13. a4 Bg7 14. b4 (14.
axb5 $5 axb5 15. Rxa8 Qxa8 16. Na3 Qb7 (16... Nd3 $5 17. Bc2 (17. Bg5 Qa5)
17... Nxc1 18. Rxc1 Qa6 $15) 17. b3 O-O 18. bxc4 Nxc4 19. Nxc4 bxc4 20. Qxc4
Rc8 $11) 14... cxb3 (14... O-O 15. Bc2 a5 16. axb5 axb4 17. Rxa8 Qxa8 18. cxb4
$16) 15. axb5 axb5 (15... Nc5 16. bxa6 O-O 17. Ra3 $16) 16. Rxa8 Qxa8 17. Qxb5
O-O $44 18. f4 $4 {a very very big mistake mainly beacuse of tw reasoons,the
first ne is very simple this mve is bad after 18...Rb8 19.Qe2 Qa2! white gets
a very bad position,but there is also another reason a very important one,
"f4" seems to win immediately since the knight has noo place to go! so white
shoould think again and again before playing 18.f4 since if black really has
noothing then the game is over!!! these are white's 2 mistake which cost him
this game} (18. Qxb3 $142 $44 f5 (18... Rc8 19. Be2 (19. Qc2 $5 {black has for
sure sme compensation here,but fr sure nt mre than the pawn he shuld hope for
a draw this was quite a slid good line for white}) 19... Nc5 20. Qc2 Qa4 21.
Qxa4 Nxa4 22. f4 Nd7 23. Bb5 (23. Bg4 Rc7 $44) 23... Ndc5 24. Bd2 Rb8 25. Bxa4
Nxa4 $44) 19. exf5 gxf5 20. Ba3 Rb8) 18... Rb8 19. Qe2 Qa2 $1 $17 20. fxe5 (20.
Nd2 b2 21. Bxb2 Rxb2 $19) 20... Qxb1 21. e6 (21. Bg5 Nxe5 22. Bxe7 Qa2 $1 $19 {
back too "a2" and finish the game!}) 21... Qxc1 22. exd7 Qxc3 $19 23. Qb5 (23.
Qf3 Bd4+ 24. Kh1 Qxf3 25. gxf3 b2 26. Bc2 Be3 $1 {and black wins immediately
the threat now is Rd8 and after Ba4 Bc1,and if Rb1 now then Bc1 wins
immediately}) 23... Qc7 $1 (23... Rxb5 $4 24. d8=Q+ Bf8 25. Qe8 Qc5+ 26. Kh1 f6
27. Bg4 {when white is even better,that means black did something very very
very wrong!!}) 24. Qc6 (24. Qa4 b2 25. Bc2 Rd8) 24... Qd8 25. Be2 (25. Bg4 Bd4+
26. Kh1 b2 27. Qc8 (27. Rb1 Ra8 28. Qc8 Ra1 $1 {winning}) 27... b1=Q 28. Qxd8+
Kg7 $19) 25... Bd4+ 26. Kh1 b2 27. Bd3 Ra8 {black threat now is Ra7 and after
Bb5 Rc7 folloowed by Rc1} 28. e5 (28. g3 Ra7 29. Bb5 Rc7 30. Qa6 Rc1) (28. Rb1
Ra7 29. Bb5 Rc7 $19) 28... Bxe5 29. Qb7 Rb8 30. Qc6 Ra8 31. Qb7 Bd4 32. Qb4 Qb6
33. Qd2 Rd8 {the rest is really no big deal see for your self} 34. Qf4 Bf6 35.
g4 Qd4 36. Qf3 h6 37. Bb5 Qb4 38. Qd3 Qxg4 39. Qc2 Rxd7 40. Bxd7 Qxd7 41. Rg1
Qh3 42. Qf2 Qd3 0-1